Moderný nástroj

Cross docking rieši distribučné problémy. Spoločným základom technológie je čo najrýchlejší tok tovaru od prijatia až po odoslanie. V tomto smere je rozhodujúci spôsob práce s tovarom v cross dockingovom centre. Prihliada sa na to, či je tovar konsolidovaný od mnohých výrobcov do jednej zásielky, al...

Descripción completa

Guardado en:
Detalles Bibliográficos
Formato: Capítulo de libro
Lenguaje:eslovaco
Materias:
Etiquetas: Agregar Etiqueta
Sin Etiquetas, Sea el primero en etiquetar este registro!

MARC

LEADER 00000naa a2200000 4500
001 0178436
005 20231109070657.4
041 0 |a slo 
044 |a SK 
245 1 0 |a Moderný nástroj 
520 |a Cross docking rieši distribučné problémy. Spoločným základom technológie je čo najrýchlejší tok tovaru od prijatia až po odoslanie. V tomto smere je rozhodujúci spôsob práce s tovarom v cross dockingovom centre. Prihliada sa na to, či je tovar konsolidovaný od mnohých výrobcov do jednej zásielky, alebo či je dekonsolidovaný od jedného výrobcu do niekoľkých zásielok, resp. či dochádza ku kombinácii oboch prístupov. 
610 2 0 |a logistika distribučná 
610 2 0 |a predaj 
610 2 0 |a manažment logistický